00232nam a2200085Ia 4500008004100000041000800041100002000049245004200069260003500111241105s9999 xx 000 0 und d aeng aPandey Aradhana aCity Interpretation Centre At Lucknow bFinal Year B. Arch, BNCAc2014